000 00216nam a22000857a 4500
008 170329b xxu||||| |||| 00| 0 eng d
100 _93058
_aCBSE
245 _aSample Paper Mathematics-XII
260 _aNew Delhi
_bCBSE
_c2010
999 _c6326
_d6326